| 000 | 00443nam a2200181Ia 4500 | ||
|---|---|---|---|
| 001 | 19539 | ||
| 005 | 20260306172700.0 | ||
| 008 | 260306t2014||||xx |||||||||||||| ||spa|| | ||
| 041 | _aESP | ||
| 082 |
_a340.4 _bA15 |
||
| 100 |
_aAbramovich, Víctor, _eAUT |
||
| 245 | 0 | _aLos derechos sociales como derechos exigibles | |
| 260 | _c2014 | ||
| 300 |
_a000 páginas : _c00 cm. |
||
| 650 | _aGEN | ||
| 654 | _aCDE | ||
| 942 |
_cLIB _dJUS _fJUS _2ddc _n |
||
| 999 |
_c19539 _d19539 |
||